[Event "Hoersching op 5th"]
[Site "Hoersching"]
[Date "2017.09.02"]
[Round "6"]
[White "Hoebarth, Guenter"]
[Black "Surtmann, Leopold"]
[Result "1-0"]
[WhiteElo "1967"]
[BlackElo "1837"]
[PlyCount "67"]
[EventDate "2017.08.28"]
[EventType "swiss"]
[EventRounds "7"]
[EventCountry "AUT"]
[SourceTitle "CBM 180 Extra"]
[Source "ChessBase"]
[SourceDate "2017.10.06"]
[SourceVersion "1"]
[SourceVersionDate "2017.10.06"]
[SourceQuality "1"]

1. d3 d5 2. Nd2 Nf6 3. e4 Nc6 4. c3 e5 5. Be2 Bd6 6. Ngf3 0-0 7. 0-0 Bd7 8. Qc2 Qe7 9. Re1 a5 10. Nf1 dxe4 11. dxe4 h6 12. Ne3 Be6 13. Nc4 Bc5 14. Ne3 Rad8 15. Bd2 Rd6 16. Rad1 Rfd8 17. Bc1 Bg4 18. h3 Be6 19. b3 g5 20. g4 Kg7 21. Rxd6 Rxd6 22. Nf5+ Bxf5 23. gxf5 g4 24. hxg4 Nxg4 25. Rf1 Qf6 26. Kg2 Kf8 27. Nh2 Nxh2 28. Kxh2 Qh4+ 29. Kg2 Rd7 30. Bf3 f6 31. Rh1 Rg7+ 32. Kf1 Qxf2+ 33. Qxf2 Bxf2 34. Kxf2 1-0

[Event "Hoersching op 5th"]
[Site "Hoersching"]
[Date "2017.08.29"]
[Round "2"]
[White "Mostbauer, Florian"]
[Black "Surtmann, Leopold"]
[Result "1-0"]
[WhiteElo "2269"]
[BlackElo "1837"]
[PlyCount "103"]
[EventDate "2017.08.28"]
[EventType "swiss"]
[EventRounds "7"]
[EventCountry "AUT"]
[SourceTitle "CBM 180 Extra"]
[Source "ChessBase"]
[SourceDate "2017.10.06"]
[SourceVersion "1"]
[SourceVersionDate "2017.10.06"]
[SourceQuality "1"]

1. d4 Nf6 2. Bf4 g6 3. Nc3 d5 4. e3 Bg7 5. h4 a6 6. Be2 h5 7. Nf3 Nbd7 8. Ne5 c6 9. Qd2 Qa5 10. Bf3 Nxe5 11. Bxe5 Bf5 12. 0-0 0-0 13. Rfe1 Qd8 14. Ne2 Qd7 15. Nf4 Nh7 16. Bxg7 Kxg7 17. Nd3 Bxd3 18. Qxd3 Nf6 19. c4 e6 20. g3 Rad8 21. b4 dxc4 22. Qxc4 Qd6 23. Qc5 Nd5 24. Rab1 Rfe8 25. a4 Nc7 26. Red1 Re7 27. Kg2 Red7 28. Rdc1 Re7 29. Qa5 Red7 30. Qg5 Qe7 31. Be2 Qxg5 32. hxg5 Re7 33. f4 f6 34. gxf6+ Kxf6 35. Kf3 Red7 36. b5 axb5 37. axb5 cxb5 38. Rc5 Ra8 39. Bxb5 Re7 40. Bc4 Ne8 41. Rb6 Ra4 42. Bb3 Ra3 43. Rcb5 Ra7 44. d5 Ng7 45. e4 Kf7 46. g4 hxg4+ 47. Kxg4 Ra1 48. dxe6+ Kf8 49. Rxb7 Rg1+ 50. Kf3 Nxe6 51. Rxe7 Kxe7 52. Re5 1-0

[Event "Hoersching op 3rd"]
[Site "Hoersching"]
[Date "2015.09.03"]
[Round "4"]
[White "Surtmann, Leopold"]
[Black "Wiesner, Hans Dieter"]
[Result "0-1"]
[WhiteElo "1907"]
[BlackElo "2130"]
[PlyCount "114"]
[EventDate "2015.08.31"]
[EventType "swiss"]
[EventRounds "7"]
[EventCountry "AUT"]
[SourceTitle "EXT 2016"]
[Source "ChessBase"]
[SourceDate "2015.10.08"]
[SourceVersion "1"]
[SourceVersionDate "2015.10.08"]
[SourceQuality "1"]

1. e4 c5 2. Nf3 e6 3. d4 cxd4 4. Nxd4 Nc6 5. Be3 Nf6 6. Nxc6 bxc6 7. Bd3 Ba6 8. Nd2 Bxd3 9. cxd3 Bb4 10. 0-0 0-0 11. Rc1 a5 12. f3 Ra6 13. Nb3 d5 14. e5 Nd7 15. a3 Be7 16. f4 Qb8 17. Rf2 f6 18. exf6 Rxf6 19. Qc2 a4 20. Nc5 Bxc5 21. Bxc5 Nxc5 22. Qxc5 Rxf4 23. Rxf4 Qxf4 24. Rf1 Qb8 25. Qe7 Qa7+ 26. Qxa7 Rxa7 27. Rc1 Ra6 28. d4 Rb6 29. Rc2 Kf7 30. g4 Kf6 31. Kf2 e5 32. dxe5+ Kxe5 33. Ke3 d4+ 34. Kd3 Kd5 35. Rf2 Rb3+ 36. Kc2 Kc4 37. Rf7 Rh3 38. Rxg7 Rxh2+ 39. Kc1 Kd3 40. Kb1 c5 41. Ra7 Rh4 42. Ra5 c4 43. Rg5 Rh1+ 44. Ka2 Rh2 45. Kb1 c3 46. bxc3 dxc3 47. Rd5+ Kc4 48. Rd7 Kb3 49. Rb7+ Kxa3 50. Kc1 Ka2 51. Rb4 a3 52. Rb7 h6 53. Rb6 Rg2 54. Rb4 Rb2 55. Ra4 Kb3 56. Ra6 a2 57. Rb6+ Kc4 0-1

[Event "Hoersching op 3rd"]
[Site "Hoersching"]
[Date "2015.08.31"]
[Round "1"]
[White "Gruenwald, Franz"]
[Black "Surtmann, Leopold"]
[Result "0-1"]
[WhiteElo "1442"]
[BlackElo "1907"]
[PlyCount "32"]
[EventDate "2015.08.31"]
[EventType "swiss"]
[EventRounds "7"]
[EventCountry "AUT"]
[SourceTitle "EXT 2016"]
[Source "ChessBase"]
[SourceDate "2015.10.08"]
[SourceVersion "1"]
[SourceVersionDate "2015.10.08"]
[SourceQuality "1"]

1. e4 c5 2. Nf3 e6 3. d4 cxd4 4. Qxd4 Nc6 5. Qd1 Qc7 6. c3 Nf6 7. Qc2 a6 8. Be2 Nb4 9. Qd1 Nc6 10. Bd3 h6 11. Nfd2 Be7 12. Nc4 b5 13. Ne3 Bb7 14. Qc2 Rc8 15. Bd2 Qd6 16. Qd1 Qxd3 0-1

[Event "Hoersching op 2nd"]
[Site "Hoersching"]
[Date "2014.08.28"]
[Round "6"]
[White "Nussbaumer, Josef"]
[Black "Surtmann, Leopold"]
[Result "0-1"]
[WhiteElo "1910"]
[BlackElo "1863"]
[PlyCount "60"]
[EventDate "2014.08.23"]
[EventType "swiss"]
[EventRounds "9"]
[EventCountry "AUT"]
[SourceTitle "EXT 2015"]
[Source "ChessBase"]
[SourceDate "2014.11.20"]
[SourceVersion "1"]
[SourceVersionDate "2014.11.20"]
[SourceQuality "1"]

1. e4 c5 2. Nf3 e6 3. d4 cxd4 4. Nxd4 Nc6 5. Nb5 d6 6. c4 a6 7. N5c3 Nf6 8. Be2 Be7 9. 0-0 0-0 10. Be3 Rb8 11. Na3 Qa5 12. f4 d5 13. e5 Bxa3 14. bxa3 Qxc3 15. Bc5 Ne4 16. Bxf8 Kxf8 17. Bd3 Qd4+ 18. Kh1 Nf2+ 19. Rxf2 Qxf2 20. Qh5 h6 21. cxd5 exd5 22. Rf1 Qd4 23. Rf3 Qa1+ 24. Rf1 Qc3 25. Rd1 Be6 26. g4 d4 27. Be4 Qe3 28. Bg2 Qxf4 29. Rf1 Qxe5 30. Bxc6 Qxh5 0-1

[Event "Hoersching op 2nd"]
[Site "Hoersching"]
[Date "2014.08.25"]
[Round "3"]
[White "Surtmann, Leopold"]
[Black "Kretz, Nikolaus"]
[Result "1-0"]
[WhiteElo "1863"]
[BlackElo "1588"]
[PlyCount "41"]
[EventDate "2014.08.23"]
[EventType "swiss"]
[EventRounds "9"]
[EventCountry "AUT"]
[SourceTitle "EXT 2015"]
[Source "ChessBase"]
[SourceDate "2014.11.20"]
[SourceVersion "1"]
[SourceVersionDate "2014.11.20"]
[SourceQuality "1"]

1. e4 e5 2. f4 d6 3. Nf3 Bg4 4. Bc4 Nf6 5. d3 c6 6. fxe5 dxe5 7. Bxf7+ Ke7 8. Bb3 Qb6 9. Na3 Nbd7 10. Nc4 Qc5 11. Be3 Qb5 12. a4 Qa6 13. h3 Be6 14. 0-0 Bxc4 15. Bxc4 Qa5 16. Qd2 Kd8 17. Ng5 Kc7 18. c3 Bc5 19. Ne6+ Kc8 20. Nxc5 Nxc5 21. b4 1-0